000 01053nam a22002537a 4500
005 20170124103207.0
010 _aB-011363
020 _c150.00
035 _aB-011363
037 _bCen Lib/Ret
040 _aDPL
_bHN
082 _a181.4
_bभंडारी
100 _aभंडारी, डी .आर.
_994650
245 _aप्रमाण - मीमांसा /
_c डी .आर. भंडारी
246 _aPraman mimansha
_bby D.R.Bhandari
260 _aजोधपुर
_bराजस्थानी ग्रन्थागार प्रकाशन
_c2000
270 _aसोजती गेट
_bजोधपुर
300 _a102पृष्ठ
_c20सेमी(सजिल्द )
650 _aभारतीय दर्शन शास्त्र
_994651
650 _aआत्मा का स्वा प्रकाश
_96022
650 _aIndian Philosophy
_994652
650 _aSpirit of the welcome light
_994653
942 _2ddc
_cHN
_h181.4
_mभंडारी
999 _c121105
_d121105